• 首页
  • 本馆介绍
  • 公告通知
  • 最新文献
  • 馆藏检索
  • 电子资源
  • 读者导购
  • 参考咨询
  • 我的图书馆
  • 登录
  • 详细信息显示
  • 放入我的书架
  • 预约/预借图书
  • 作者相关作品
  • 分类相关作品
  • 丛书相关作品
  • 出版社相关作品

书目信息

  • 表格格式
  • 工作单格式
  • 卡片格式
题名:
马克思靠谱
    
 
作者: 内蒙轩 主编
分册:  
出版信息: 北京   东方出版社  2016.08
页数: 282页
开本: 21cm
丛书名:
单 册:
中图分类: A711
科图分类:
主题词:
电子资源:
ISBN: 978-7-5060-9143-5
000 01041nam0 2200253 450
001 0120162018634
005 20230216165219.34
010    @a978-7-5060-9143-5@dCNY29.80
100    @a20161118d2016 em y0chiy50 ea
101 0  @achi
102    @aCN@b110000
105    @aa z 000yb
200 1  @a马克思靠谱@9ma ke si kao pu@dReliable marx@f内蒙轩主编@zeng
205    @a2版
210    @a北京@c东方出版社@d2016.08
215    @a282页@c图@d21cm
330    @a本书是为了更好地推进马克思主义及其中国理论的通俗化、大众化和普及化,内蒙古自治区委宣传部领衔,为80后、90后年轻人量身打造的一部关于马克思和马克思主义的通俗读物。该书用历史与逻辑一致的写作手法,以马克思的生平为时间轴线,通过讲故事的方式,引出并推介《共产党宣言》《论费尔巴哈提纲》《德意志意识形态》《资本论》等马克思经典著作。
333    @a一般读者
510 1  @aReliable marx@zeng
600  0 @a马克思@c(Marx, Karl Heinrich@f1818-1883)@x传记
690    @aA711@v5
701  0 @a内蒙轩@9nei meng xuan@4主编
801  0 @aCN@b人天书店@c20161118
905    @b1074198-203@dA711@e245=2@f6
    
    马克思靠谱=Reliable marx/内蒙轩主编.-2版.-北京:东方出版社,2016.08
    282页:图;21cm
    使用对象:一般读者
    
    ISBN 978-7-5060-9143-5:CNY29.80
    本书是为了更好地推进马克思主义及其中国理论的通俗化、大众化和普及化,内蒙古自治区委宣传部领衔,为80后、90后年轻人量身打造的一部关于马克思和马克思主义的通俗读物。该书用历史与逻辑一致的写作手法,以马克思的生平为时间轴线,通过讲故事的方式,引出并推介《共产党宣言》《论费尔巴哈提纲》《德意志意识形态》《资本论》等马克思经典著作。
●
相关链接 在E读中查询图书 在五车中查询图书 在当当中查询图书 在豆瓣中查询图书


正题名:马克思靠谱     索取号:A711/245=2         预约/预借

序号 登录号 条形码 馆藏地/架位号 状态 备注
1 1052736   210527367   第一借阅区/ [索取号:A711/245=2] 在馆    
2 1074198   210741982   第一样本阅览室/ [索取号:A711/245=2] 在馆    
3 1074199   210741991   第一借阅区/ [索取号:A711/245=2] 在馆    
4 1074200   210742008   第一借阅区/ [索取号:A711/245=2] 在馆    
5 1074201   210742017   第一借阅区/ [索取号:A711/245=2] 在馆    
6 1074202   210742026   社科部资料室/ [索取号:A711/245=2] 在馆    
7 1074203   210742035   第一借阅区/ [索取号:A711/245=2] 在馆    
唐山师范学院图书馆 欢迎您!
大连网信软件有限公司© 版权所有